00816 2200277 4500001002100000005001700021008004100038020002200079035002400101040001200125082001200137084001800149110002000167245013900187260002900326300002500355650002100380700001600401700001800417700001800435700001900453850001200472990001800484990001800502990001800520YOGYA-0209000004112920170111173108.0 ind  a978-979-015-533-6 0010-020900000041129 aYOPDYOG a297.122 a297.122 Tim C aTIM PENULIS EFK aCerita Alquran untuk anak /cdisusun oleh Tim Penulis EFK; Ilustrasi, oleh Iwan Nazif; editor, DanuNugraha, UmiAndriani, Singgih Agung aJakartabErlanggac[s.a] a176 hlmbilusc25 cm aAlquran - Cerita aNazif, Iwan aNugraha, Danu aIndriani, Umi aAgung, Singgih aYOPDYOG a29497-PD/B.07 a29498-PD/B.07 a29499-PD/B.07